Normal view
MARC view
- حماية المستهلك -- قوانين وتشريعات -- مصر
Entry Topical Term
001 - CONTROL NUMBER
- control field: 19960
003 - CONTROL NUMBER IDENTIFIER
- control field: JO-AjAnu
005 - DATE AND TIME OF LATEST TRANSACTION
- control field: 20230606073459.0
008 - FIXED-LENGTH DATA ELEMENTS
- fixed length control field: 230606|| aca||aabn | a|a d
040 ## - CATALOGING SOURCE
- Original cataloging agency: JO-AjAnu
- Transcribing agency: JO-AjAnu
150 ## - HEADING--TOPICAL TERM
- Topical term or geographic name entry element: حماية المستهلك -- قوانين وتشريعات -- مصر
670 ## - SOURCE DATA FOUND
- Source citation: Work cat.: (JO-AjAnu)10248: عمران ، محمد السيد , author 19959, حماية المستهلك أثناء تكوين العقد " دراسة مقارنة مع دراسة تحليلية وتطبيقية للنصوص الخاصة بحماية المستهلك "